[Event "Marianske Lazne zt"]
[Site "Marianske Lazne"]
[Date "1961.07.28"]
[Round "12"]
[White "F J Perez Perez"]
[Black "Laszlo Szabo"]
[Result "1-0"]
[WhiteElo "2183"]
[BlackElo "2052"]
[PlyCount "61"]
[EventDate "1961.??.??"]

1. e4 c6 2. d4 d5 3. Nc3 dxe4 4. Bc4 Nf6 5. f3 b5 6. Bb3 e6 7. fxe4 b4 8. Nce2
Nxe4 9. Nf3 Be7 10. O-O O-O 11. Nf4 Nd7 12. Qd3 Ndf6 13. Re1 Nd6 14. Ng5 Nf5
15. Nfxe6 fxe6 16. Nxe6 Qb6 17. Qxf5 Kh8 18. c3 Bd6 19. Bc2 g6 20. Qh3 c5 21.
d5 Nxd5 22. Bxg6 Qb7 23. Qh4 Rg8 24. Nd8 Rxg6 25. Re8+ Kg7 26. Nxb7 Bxb7 27.
Rxa8 Bxa8 28. g3 h5 29. Bd2 Nf6 30. Rf1 Bd5 31. Rxf6 1-0

[Event "Havana Open"]
[Site "Havana CUB"]
[Date "1992.??.??"]
[Round "?"]
[White "Bettina Trabert"]
[Black "F J Perez Perez"]
[Result "0-1"]
[WhiteElo "2135"]
[BlackElo "2430"]
[PlyCount "78"]
[EventDate "1992.??.??"]

1. e4 e5 2. Nc3 Nf6 3. g3 c6 4. d4 Qa5 5. Bg2 d6 6. Nge2 Nbd7 7. h3 g6 8. Be3
Bg7 9. Qd2 O-O 10. Bh6 b5 11. Bxg7 Kxg7 12. O-O Bb7 13. f4 b4 14. Nd1 exd4 15.
Qxd4 Rfe8 16. Nf2 Rad8 17. c3 c5 18. cxb4 Qb5 19. Qd2 cxb4 20. Nd4 Qb6 21. Rfe1
Nc5 22. Kh2 Ncxe4 23. Nxe4 Nxe4 24. Bxe4 Rxe4 25. Rxe4 Bxe4 26. f5 d5 27. Rf1
Qd6 28. f6+ Kg8 29. Nb5 Qc5 30. Nd4 Rc8 31. Qh6 Qf8 32. Qf4 h6 33. Rc1 Rxc1 34.
Qxc1 Qd6 35. Qc6 Qe5 36. Qc8+ Kh7 37. Qc5 Qxf6 38. Ne2 Qf3 39. Nf4 Qh1# 0-1

[Event "Torneo Zonal  2.5 Femenino"]
[Site "Montevideo"]
[Date "2013.04.19"]
[Round "1.1"]
[White "Cortes Arias, Mariela"]
[Black "Lujan, Carolina"]
[Result "0-1"]
[WhiteElo "1833"]
[BlackElo "2366"]
[PlyCount "118"]
[EventDate "2013.04.??"]

1. d4 Nf6 2. c4 g6 3. Nc3 d5 4. Nf3 Bg7 5. Bg5 Ne4 6. cxd5 Nxg5 7. Nxg5 e6 8.
Nf3 exd5 9. b4 O-O 10. e3 Qd6 11. Qb3 c6 12. Be2 Be6 13. Na4 Nd7 14. Rc1 Rac8
15. O-O a6 16. Nc5 Nxc5 17. bxc5 Qe7 18. Ne1 Rce8 19. Nd3 Bc8 20. Rfe1 Qc7 21.
Bf1 Re7 22. Qb4 Rfe8 23. Rb1 f5 24. g3 g5 25. Qd2 Re6 26. f4 Qe7 27. Ne5 Bxe5
28. fxe5 Rf8 29. Bg2 Rh6 30. Rf1 Qg7 31. Rf2 Be6 32. Rb6 Rf7 33. Rb1 Rg6 34.
Rbf1 Qh6 35. Qc1 Rgg7 36. Qd2 Rf8 37. Qc1 Rgf7 38. Qd2 Qg6 39. Qc1 h5 40. Qb1
Qh6 41. Qc1 h4 42. Qd2 hxg3 43. hxg3 Rh7 44. Rf3 g4 45. Rf4 Qh2+ 46. Kf2 Rh3
47. Ke1 Rxg3 48. R4f2 Qh6 49. Rf4 Qh4 50. Qf2 Rxe3+ 51. Kd2 Qxf2+ 52. R1xf2 Ra3
53. Ke1 Rf7 54. Rb2 Kg7 55. Kd1 Kg6 56. Kc1 Kg5 57. Rbf2 Rh7 58. Kb2 Re3 59.
Bf1 g3 0-1

[Event "Torneo Zonal  2.5 Femenino"]
[Site "Montevideo"]
[Date "2013.04.19"]
[Round "1.2"]
[White "Zuriel, Marisa"]
[Black "Perez, Dalila"]
[Result "1/2-1/2"]
[WhiteElo "2212"]
[BlackElo "1763"]
[PlyCount "80"]
[EventDate "2013.04.??"]

1. e4 e6 2. d4 d5 3. Nc3 Nf6 4. e5 Nfd7 5. f4 a6 6. Nf3 c5 7. Be3 Nc6 8. Qd2
cxd4 9. Nxd4 Bc5 10. O-O-O Bxd4 11. Bxd4 Nxd4 12. Qxd4 Qb6 13. Qd2 Nc5 14. Bd3
Bd7 15. h4 Bc6 16. Ne2 Nxd3+ 17. Qxd3 Bb5 18. Qd2 Bxe2 19. Qxe2 Rc8 20. Kb1 Rc4
21. Rhf1 Re4 22. Qg4 Rg8 23. h5 h6 24. Qh3 Qe3 25. Rf3 Qe2 26. Qh1 g5 27. Rc3
Kd7 28. g3 gxf4 29. gxf4 Rg2 30. Rc1 Rxf4 31. Rb3 Rgf2 32. Rg3 Rf1 33. Rg1 Rxg1
34. Qxg1 Qxe5 35. a3 Rh4 36. Qb6 Qb8 37. Rf1 f5 38. Re1 Re4 39. Rg1 Rg4 40. Re1
Re4 1/2-1/2

[Event "Torneo Zonal  2.5 Femenino"]
[Site "Montevideo"]
[Date "2013.04.19"]
[Round "1.3"]
[White "Besso, Guadalupe"]
[Black "Fernandez, Maria Florencia"]
[Result "0-1"]
[WhiteElo "1737"]
[BlackElo "2180"]
[PlyCount "70"]
[EventDate "2013.04.??"]

1. d4 Nf6 2. c4 g6 3. Nc3 Bg7 4. e4 d6 5. f4 O-O 6. Nf3 Na6 7. Bd3 e5 8. fxe5
dxe5 9. d5 Qd6 10. Qe2 Nc5 11. Bc2 a5 12. O-O c6 13. h3 cxd5 14. cxd5 Bd7 15.
Be3 b5 16. Nxe5 Qxe5 17. Bxc5 Rfc8 18. Qf2 Rxc5 19. Qxc5 b4 20. Na4 Bxh3 21.
Rxf6 Bxf6 22. gxh3 Qg3+ 23. Kf1 Qxh3+ 24. Ke2 Rc8 25. Qxc8+ Qxc8 26. Bd3 Bd4
27. Rf1 Qh3 28. Kd2 h5 29. Re1 h4 30. e5 Qg2+ 31. Re2 Qxd5 32. b3 Bxe5 33. Nb6
Bf4+ 34. Kc2 Qd4 35. Na4 h3 0-1

[Event "Torneo Zonal  2.5 Femenino"]
[Site "Montevideo"]
[Date "2013.04.19"]
[Round "1.4"]
[White "Martinez, Ayelen"]
[Black "Avalos, Leticia"]
[Result "1-0"]
[WhiteElo "2094"]
[BlackElo "1725"]
[PlyCount "53"]
[EventDate "2013.04.??"]

1. e4 e6 2. d4 d5 3. Nc3 Nf6 4. e5 Nfd7 5. f4 c5 6. Nf3 Qb6 7. Be3 Nc6 8. Nb5
cxd4 9. Nfxd4 Nxd4 10. Bxd4 Qc6 11. Bc3 a6 12. Nd4 Qc7 13. Qd2 Nc5 14. Bd3 b5
15. O-O Nxd3 16. cxd3 Qb6 17. Qf2 b4 18. Bd2 Bc5 19. Be3 Bd7 20. Rac1 Rc8 21.
Rxc5 Qxc5 22. Nxe6 Qe7 23. Nxg7+ Kf8 24. Bd4 Rg8 25. f5 Qg5 26. e6 Bb5 27. f6
1-0

[Event "Torneo Zonal  2.5 Femenino"]
[Site "Montevideo"]
[Date "2013.04.19"]
[Round "1.5"]
[White "de San Vicente, Sabrina"]
[Black "Colombo, Camila"]
[Result "0-1"]
[WhiteElo "1728"]
[BlackElo "2073"]
[PlyCount "46"]
[EventDate "2013.04.??"]

1. d4 Nf6 2. c4 c5 3. d5 b5 4. cxb5 a6 5. b6 d6 6. h3 Nbd7 7. Nc3 a5 8. e4 Qxb6
9. Bd3 Ba6 10. Na4 Qb7 11. Nf3 Bxd3 12. Qxd3 g6 13. Bd2 Bg7 14. O-O O-O 15. Bc3
Ra6 16. Rfe1 Rc8 17. Nd2 Ne5 18. Qe2 Nh5 19. g3 c4 20. Red1 Qd7 21. Kg2 Qxa4
22. Nf3 Nd3 23. Bxg7 Ndf4+ 0-1

[Event "Torneo Zonal  2.5 Femenino"]
[Site "Montevideo"]
[Date "2013.04.19"]
[Round "1.6"]
[White "Silva, Natalia"]
[Black "Costa, Anaclara"]
[Result "0-1"]
[WhiteElo "1891"]
[BlackElo "1649"]
[PlyCount "74"]
[EventDate "2013.04.??"]

1. f4 f5 2. Nf3 Nf6 3. b3 g6 4. Bb2 Bg7 5. e3 O-O 6. Be2 d6 7. O-O c5 8. a4 Nc6
9. Na3 Re8 10. Nc4 b6 11. Qe1 e6 12. Qh4 Ne4 13. Qe1 Bxb2 14. Nxb2 e5 15. d3
Nf6 16. fxe5 dxe5 17. Rd1 Qe7 18. e4 Nd4 19. Rd2 Bb7 20. Nxd4 exd4 21. exf5
Qe3+ 22. Kh1 Qg5 23. Rg1 Nh5 24. Nc4 Nf4 25. Qg3 Qxg3 26. hxg3 Nxe2 27. Ra1
Nxg3+ 28. Kh2 Nxf5 29. g4 Ne3 30. Nd6 Re7 31. Nxb7 Rxb7 32. Kh3 Rf7 33. Rg1
Rf3+ 34. Kh4 Raf8 35. Re2 h6 36. Rg3 g5+ 37. Kh3 Rf2 0-1

[Event "Torneo Zonal  2.5 Femenino"]
[Site "Montevideo"]
[Date "2013.04.19"]
[Round "1.7"]
[White "de Leon, Veronica"]
[Black "de Leon, Patricia"]
[Result "0-1"]
[WhiteElo "1645"]
[BlackElo "1842"]
[PlyCount "54"]
[EventDate "2013.04.??"]

1. c4 e5 2. Nc3 g6 3. g3 Bg7 4. Bg2 d6 5. d3 Nc6 6. e4 Be6 7. Nge2 Qd7 8. O-O
h5 9. Nd5 h4 10. Be3 O-O-O 11. Rb1 Bh3 12. Bh1 Bxf1 13. Qxf1 hxg3 14. hxg3 f5
15. f4 Nf6 16. Bg2 Ng4 17. Bd2 Bh6 18. Qc1 Qh7 19. Ne3 Nxe3 20. Bxe3 Rdg8 21.
Kf2 exf4 22. gxf4 Qe7 23. Nc3 Qh4+ 24. Ke2 g5 25. fxg5 Bxg5 26. Bxg5 Qg4+ 27.
Kf1 Rxg5 0-1

[Event "Torneo Zonal  2.5 Femenino"]
[Site "Montevideo"]
[Date "2013.04.20"]
[Round "2.1"]
[White "Lujan, Carolina"]
[Black "Colombo, Camila"]
[Result "1-0"]
[WhiteElo "2366"]
[BlackElo "2073"]
[PlyCount "105"]
[EventDate "2013.04.??"]

1. e4 e6 2. Nf3 d5 3. Nc3 d4 4. Ne2 c5 5. c3 Nf6 6. Ng3 a6 7. Bd3 Nc6 8. Qe2 h5
9. h4 Ng4 10. Bc2 Bd6 11. d3 Qb6 12. Nf1 Qc7 13. g3 Bd7 14. Bd2 O-O-O 15. Ng5
Rdf8 16. f4 e5 17. f5 g6 18. Qf3 gxf5 19. exf5 e4 20. Nxe4 Nce5 21. Qe2 Bxf5
22. O-O-O Bxe4 23. Qxe4 Nf2 24. Qf5+ Kb8 25. Qxf2 Ng4 26. Qf5 Re8 27. Nh2 Ne3
28. Bxe3 dxe3 29. Rde1 e2 30. Qf3 Bxg3 31. Rxe2 Bxh4 32. Re4 Bg5+ 33. Kb1 f6
34. Rxe8+ Rxe8 35. Qxh5 Re7 36. Nf3 Qg3 37. Qh2 Bf4 38. Qxg3 Bxg3 39. d4 cxd4
40. Nxd4 Re1+ 41. Rxe1 Bxe1 42. Bf5 Kc7 43. Kc2 Bg3 44. Kd3 Kd6 45. Be4 Kc7 46.
Kc4 b5+ 47. Kd5 Be1 48. Kc5 Bf2 49. Bd3 Be3 50. b3 Bf2 51. a4 bxa4 52. bxa4 Kb7
53. Kd5 1-0

[Event "Torneo Zonal  2.5 Femenino"]
[Site "Montevideo"]
[Date "2013.04.20"]
[Round "2.2"]
[White "Fernandez, Maria Florencia"]
[Black "Perez, Cecilia Manuela"]
[Result "1-0"]
[WhiteElo "2180"]
[BlackElo "1521"]
[PlyCount "55"]
[EventDate "2013.04.??"]

1. d4 e6 2. c4 f5 3. Nc3 Nf6 4. Nf3 Be7 5. d5 d6 6. dxe6 Bxe6 7. Nd4 Bd7 8. Qc2
g6 9. h3 Nc6 10. Nxc6 Bxc6 11. Bh6 Qd7 12. O-O-O O-O-O 13. Be3 Kb8 14. Bd4 Rhe8
15. e3 b6 16. Rg1 Bb7 17. c5 d5 18. cxb6 cxb6 19. Kb1 Ne4 20. Bd3 Rc8 21. Bxe4
fxe4 22. Qb3 Rf8 23. Rd2 Ba6 24. Be5+ Bd6 25. Qxd5 Bd3+ 26. Rxd3 exd3 27. Bxd6+
Rc7 28. Bxf8 1-0

[Event "Torneo Zonal  2.5 Femenino"]
[Site "Montevideo"]
[Date "2013.04.20"]
[Round "2.3"]
[White "de Leon, Patricia"]
[Black "Martinez, Ayelen"]
[Result "0-1"]
[WhiteElo "1842"]
[BlackElo "2094"]
[PlyCount "62"]
[EventDate "2013.04.??"]

1. d4 Nf6 2. c4 g6 3. Nc3 Bg7 4. e4 d6 5. f3 O-O 6. Be3 Nbd7 7. Qd2 c5 8. Nge2
a6 9. Rd1 cxd4 10. Nxd4 e6 11. Be2 d5 12. cxd5 exd5 13. exd5 Ne5 14. Nb3 b5 15.
O-O Nc4 16. Bxc4 bxc4 17. Nc5 Re8 18. N5e4 Bf5 19. Nf2 Nd7 20. Bd4 Ne5 21. Nce4
Qxd5 22. Qc3 Rad8 23. Bxe5 Qxe5 24. Rxd8 Rxd8 25. Qxe5 Bxe5 26. Rc1 Rb8 27. Nd2
Bf4 28. Rd1 Bc2 29. Rc1 Rxb2 30. Nxc4 Bxc1 31. Nxb2 Bxb2 0-1

[Event "Torneo Zonal  2.5 Femenino"]
[Site "Montevideo"]
[Date "2013.04.20"]
[Round "2.4"]
[White "Costa, Anaclara"]
[Black "Zuriel, Marisa"]
[Result "0-1"]
[WhiteElo "1649"]
[BlackElo "2212"]
[PlyCount "56"]
[EventDate "2013.04.??"]

1. d4 Nf6 2. Nf3 c5 3. e3 g6 4. Bd3 Bg7 5. O-O O-O 6. c4 d6 7. Nc3 Nbd7 8. Qc2
b6 9. Re1 Bb7 10. Nd2 Rc8 11. Be2 Re8 12. b3 a6 13. Bb2 cxd4 14. exd4 d5 15. a4
Nf8 16. Rad1 Ne6 17. Nf3 dxc4 18. bxc4 Bxf3 19. gxf3 Nxd4 20. Qd3 Nxe2+ 21.
Qxe2 Qc7 22. Rd4 e6 23. Rc1 Nh5 24. Re4 Red8 25. Nd1 Nf4 26. Qc2 f5 27. Re1 Qe7
28. Re3 Qg5+ 0-1

[Event "Torneo Zonal  2.5 Femenino"]
[Site "Montevideo"]
[Date "2013.04.20"]
[Round "2.5"]
[White "Perez, Dalila"]
[Black "Silva, Natalia"]
[Result "1-0"]
[WhiteElo "1763"]
[BlackElo "1891"]
[PlyCount "67"]
[EventDate "2013.04.??"]

1. d4 f5 2. Nf3 Nf6 3. Nc3 d5 4. Bf4 e6 5. g3 Be7 6. Bg2 O-O 7. O-O Bd7 8. Qd3
Nc6 9. a3 Ne4 10. Na2 Na5 11. Ne5 Nd6 12. b3 Bb5 13. Qe3 g5 14. Qd2 gxf4 15.
Qxa5 fxg3 16. fxg3 Bxe2 17. Rfe1 Bh5 18. c4 Ne4 19. cxd5 exd5 20. Nb4 c6 21.
Qxd8 Raxd8 22. Nbd3 Bd6 23. Nf4 Bxe5 24. dxe5 Bf7 25. e6 Rde8 26. exf7+ Rxf7
27. Nd3 Ref8 28. b4 Kg7 29. Rac1 Rf6 30. a4 b6 31. Ne5 Rc8 32. Red1 Rc7 33.
Rxd5 Nc5 34. Rdd1 1-0

[Event "Torneo Zonal  2.5 Femenino"]
[Site "Montevideo"]
[Date "2013.04.20"]
[Round "2.6"]
[White "de San Vicente, Sabrina"]
[Black "Cortes Arias, Mariela"]
[Result "0-1"]
[WhiteElo "1725"]
[BlackElo "1833"]
[PlyCount "76"]
[EventDate "2013.04.??"]

1. d4 Nf6 2. c4 c5 3. d5 e5 4. Nc3 d6 5. e4 Be7 6. g3 O-O 7. Bg2 Ne8 8. Nge2
Bd7 9. O-O Nc7 10. Be3 b5 11. b3 bxc4 12. bxc4 Nba6 13. Qd2 Rb8 14. a3 Na8 15.
Rfb1 Qa5 16. Nb5 Qxd2 17. Bxd2 Bxb5 18. cxb5 N6c7 19. Nc3 Nb6 20. a4 Nc4 21.
Bc1 Na5 22. h4 Na8 23. Bf1 Nb6 24. Kg2 f5 25. f3 f4 26. gxf4 exf4 27. Ne2 Bf6
28. Ra2 Be5 29. Kf2 Rf6 30. h5 Rbf8 31. Bh3 Rh6 32. Bg4 g6 33. hxg6 hxg6 34.
Ke1 Nbc4 35. Rc2 Ne3 36. Be6+ Kg7 37. Ra2 Rh1+ 38. Kf2 Rf1# 0-1

[Event "Torneo Zonal  2.5 Femenino"]
[Site "Montevideo"]
[Date "2013.04.20"]
[Round "2.7"]
[White "Larrea, Daniela"]
[Black "Besso, Guadalupe"]
[Result "1/2-1/2"]
[WhiteElo "1700"]
[BlackElo "1737"]
[PlyCount "106"]
[EventDate "2013.04.??"]

1. d4 Nf6 2. e3 g6 3. f4 Bg7 4. Nf3 O-O 5. Bd3 d5 6. O-O b6 7. Qe2 Bb7 8. Nbd2
Nbd7 9. Ne5 c5 10. c3 Ne8 11. Nxd7 Qxd7 12. f5 e5 13. fxe6 Qxe6 14. b4 c4 15.
Bc2 Nd6 16. a4 b5 17. a5 Rae8 18. Re1 f5 19. Nf3 f4 20. Qf2 Ne4 21. Bxe4 dxe4
22. Ng5 Qg4 23. exf4 h6 24. Nh3 Qd7 25. Qg3 Qc6 26. Be3 Kh7 27. Nf2 Rf5 28. Ng4
Ref8 29. Rf1 Qe6 30. Ne5 a6 31. h4 Bd5 32. Qh2 Bxe5 33. fxe5 Rxf1+ 34. Rxf1
Rxf1+ 35. Kxf1 Qg4 36. Ke1 Be6 37. g3 Qf3 38. Qf2 Qxf2+ 39. Kxf2 h5 40. Bg5 Kg7
41. Ke3 Bd5 42. Kf2 Kf7 43. Bd2 Ke6 44. Ke3 Kf5 45. Kf2 Kg4 46. Bf4 Kf5 47. Ke3
Ke6 48. Bh6 Kf5 49. Bg7 Be6 50. Bf6 Bd5 51. Bg5 Be6 52. Bf4 Bd5 53. Bg5 Be6
1/2-1/2

[Event "Torneo Zonal  2.5 Femenino"]
[Site "Montevideo"]
[Date "2013.04.20"]
[Round "2.8"]
[White "Avalos, Leticia"]
[Black "de Leon, Veronica"]
[Result "1-0"]
[WhiteElo "1725"]
[BlackElo "1645"]
[PlyCount "85"]
[EventDate "2013.04.??"]

1. d4 d5 2. Nf3 Nf6 3. Bf4 Bf5 4. c4 e6 5. Qb3 b6 6. e3 Bd6 7. Bg5 Be7 8. Nc3
c6 9. Be2 Ne4 10. Bxe7 Qxe7 11. cxd5 Nxc3 12. bxc3 exd5 13. O-O O-O 14. c4 Be4
15. Rfc1 Nd7 16. Nd2 dxc4 17. Bxc4 Rac8 18. Nxe4 Qxe4 19. Rc3 Nf6 20. Rac1 Qe8
21. Ba6 Nd5 22. Bxc8 Nxc3 23. Qxc3 Qxc8 24. Qxc6 Qxc6 25. Rxc6 f6 26. Rc7 Rf7
27. Rc8+ Rf8 28. Rxf8+ Kxf8 29. Kf1 Ke7 30. Ke2 Kd6 31. Kd3 b5 32. e4 a5 33. f4
h6 34. f5 Kc6 35. e5 fxe5 36. dxe5 a4 37. Kc3 Kc5 38. a3 b4+ 39. axb4+ Kd5 40.
e6 Kd6 41. Kb2 Ke7 42. Ka3 Kf6 43. b5 1-0

[Event "Torneo Zonal  2.5 Femenino"]
[Site "Montevideo"]
[Date "2013.04.20"]
[Round "3.1"]
[White "Martinez, Ayelen"]
[Black "Lujan, Carolina"]
[Result "1/2-1/2"]
[WhiteElo "2094"]
[BlackElo "2366"]
[PlyCount "105"]
[EventDate "2013.04.??"]

1. d4 Nf6 2. c4 g6 3. Nf3 Bg7 4. g3 O-O 5. Bg2 d5 6. cxd5 Nxd5 7. e4 Nb6 8. O-O
Bg4 9. d5 c6 10. h3 Bxf3 11. Qxf3 cxd5 12. exd5 N8d7 13. d6 exd6 14. Qxb7 Nc5
15. Qf3 Rb8 16. Nc3 Nba4 17. Nxa4 Nxa4 18. Bf4 Nxb2 19. Rac1 Rc8 20. Qb3 Qd7
21. Rxc8 Rxc8 22. Rc1 Bd4 23. Kh2 Kg7 24. Be3 Be5 25. Rxc8 Qxc8 26. Bxa7 Qa6
27. Be3 h5 28. f4 Bf6 29. Qd5 Nc4 30. Bd4 Qxa2 31. Bxf6+ Kxf6 32. Qd4+ Ke7 33.
h4 Qe2 34. Qa7+ Kf8 35. Qa6 Qc2 36. Qa7 Qd2 37. Qa8+ Kg7 38. Qd5 Qxd5 39. Bxd5
Ne3 40. Bb3 Kf6 41. Kg1 d5 42. Kf2 Nc4 43. Ba4 Ke6 44. Bd1 Nd6 45. g4 Ne4+ 46.
Ke3 hxg4 47. Bxg4+ f5 48. Bf3 Kd6 49. h5 gxh5 50. Bxh5 Kc5 51. Bg6 d4+ 52. Kd3
Nd6 53. Bh7 1/2-1/2

[Event "Torneo Zonal  2.5 Femenino"]
[Site "Montevideo"]
[Date "2013.04.20"]
[Round "3.2"]
[White "Zuriel, Marisa"]
[Black "Fernandez, Maria Florencia"]
[Result "1-0"]
[WhiteElo "2212"]
[BlackElo "2180"]
[PlyCount "175"]
[EventDate "2013.04.??"]

1. e4 c5 2. Nf3 d6 3. d4 cxd4 4. Nxd4 Nf6 5. Nc3 g6 6. Be3 Bg7 7. f3 O-O 8. Qd2
Nc6 9. Bc4 Bd7 10. O-O-O Rc8 11. Bb3 Nxd4 12. Bxd4 b5 13. h4 a5 14. h5 a4 15.
Bxf6 exf6 16. Bd5 b4 17. Ne2 f5 18. hxg6 hxg6 19. Nd4 fxe4 20. fxe4 a3 21. Qf4
Qf6 22. Qh2 Rxc2+ 23. Kxc2 Qf2+ 24. Rd2 Rc8+ 25. Nc6 Qf6 26. Kb1 Bxc6 27. Qh7+
Kf8 28. Qh3 Rc7 29. Bxc6 Rxc6 30. Qd7 Rc4 31. Re1 axb2 32. Qxd6+ Qxd6 33. Rxd6
Bc3 34. Rf1 Rxe4 35. Rxg6 Re2 36. Rg3 Ke8 37. Rgf3 f6 38. g3 Kf7 39. Rd3 Kg6
40. Rfd1 Kg5 41. Rf1 Kg4 42. a4 Re6 43. Ka2 Re2 44. Kb1 Re6 45. Ka2 Re2 46. Rb1
f5 47. Kb3 Re5 48. Rf1 Be1 49. Rf4+ Kg5 50. Kxb2 Bc3+ 51. Kb3 Rc5 52. Rd8 Be1
53. Rg8+ Kf6 54. g4 Rc3+ 55. Kb2 Ra3 56. Rxf5+ Ke7 57. Ra8 Bc3+ 58. Kc2 Ra2+
59. Kd3 Rd2+ 60. Ke3 b3 61. Rb5 b2 62. Rab8 Rd1 63. Rb3 Be5 64. R8b7+ Ke6 65.
R3b6+ Bd6 66. Rxb2 Ra1 67. R7b4 Bxb4 68. Rxb4 Kf6 69. Kd4 Ra3 70. Kc5 Ke5 71.
Kb6 Rd3 72. Rb5+ Ke6 73. g5 Kd7 74. Kb7 Rc3 75. a5 Rc7+ 76. Ka6 Kc8 77. Rf5 Rg7
78. Kb5 Kb7 79. Rc5 Ka7 80. Kc6 Ka6 81. Kd6 Rf7 82. Ke6 Rf2 83. g6 Rg2 84. Kf7
Rf2+ 85. Kg8 Rg2 86. g7 Rg1 87. Kf7 Rf1+ 88. Kg6 1-0

[Event "Torneo Zonal  2.5 Femenino"]
[Site "Montevideo"]
[Date "2013.04.20"]
[Round "3.3"]
[White "Colombo, Camila"]
[Black "Perez, Dalila"]
[Result "1/2-1/2"]
[WhiteElo "2073"]
[BlackElo "1763"]
[PlyCount "74"]
[EventDate "2013.04.??"]

1. d4 d6 2. Nf3 Nf6 3. c4 g6 4. g3 Bg7 5. Nc3 Nbd7 6. Bg2 c5 7. O-O O-O 8. h3
a6 9. e4 Qc7 10. d5 Rb8 11. a4 Ne8 12. Bd2 Ne5 13. Qe2 f5 14. exf5 Bxf5 15. Ne1
Nf6 16. f4 Nf7 17. g4 Bd7 18. Nf3 Rbe8 19. Ng5 Nd8 20. f5 h6 21. Ne6 Bxe6 22.
fxe6 g5 23. Qd3 Nh7 24. Qg6 Rxf1+ 25. Rxf1 Rf8 26. h4 Rxf1+ 27. Bxf1 Nf8 28.
Qh5 Qb6 29. hxg5 Qxb2 30. gxh6 Bd4+ 31. Kh1 Qxd2 32. Ne4 Qe3 33. Qg5+ Qxg5 34.
Nxg5 Be3 35. Ne4 Bxh6 36. Nxd6 Ndxe6 37. Nf5 Bg5 1/2-1/2

[Event "Torneo Zonal  2.5 Femenino"]
[Site "Montevideo"]
[Date "2013.04.20"]
[Round "3.4"]
[White "Perez, Cecilia Manuela"]
[Black "de Leon, Patricia"]
[Result "0-1"]
[WhiteElo "1521"]
[BlackElo "1842"]
[PlyCount "66"]
[EventDate "2013.04.??"]

1. d4 d5 2. Nf3 e6 3. e3 Bd6 4. Bd3 f5 5. O-O Nf6 6. b3 Qe7 7. a3 O-O 8. Bb2
Ng4 9. h3 Nf6 10. Ne5 Ne4 11. f3 Ng3 12. Re1 Nd7 13. Nd2 Qh4 14. Nf1 g5 15.
Nxg3 Qxg3 16. Qe2 Nxe5 17. dxe5 Bxe5 18. Bxe5 Qxe5 19. e4 Bd7 20. Qf2 fxe4 21.
Bf1 Qf4 22. Re3 Bc6 23. Rd1 Rad8 24. c3 e5 25. Qe1 d4 26. cxd4 exd4 27. Bc4+
Kh8 28. Re2 exf3 29. g3 Qd6 30. Re6 f2+ 31. Qxf2 Rxf2 32. Rxd6 Rg2+ 33. Kf1
Rxd6 0-1

[Event "Torneo Zonal  2.5 Femenino"]
[Site "Montevideo"]
[Date "2013.04.20"]
[Round "3.5"]
[White "Cortes Arias, Mariela"]
[Black "Costa, Anaclara"]
[Result "1-0"]
[WhiteElo "1833"]
[BlackElo "1649"]
[PlyCount "61"]
[EventDate "2013.04.??"]

1. f4 f5 2. e4 d6 3. Nc3 fxe4 4. Nxe4 Bf5 5. Ng3 e6 6. Nf3 Be7 7. d4 Qd7 8. Bc4
d5 9. Bd3 Nf6 10. Ne5 Qc8 11. O-O O-O 12. Re1 Bd6 13. c4 b6 14. cxd5 Bxd3 15.
Qxd3 exd5 16. Be3 Qe8 17. Rac1 Nbd7 18. Bf2 a6 19. Re2 Qe6 20. Ng6 Qg4 21. Nxf8
Nxf8 22. Qf5 Bxf4 23. Qxg4 Nxg4 24. Rce1 Nxf2 25. Kxf2 c5 26. Nf5 Ng6 27. g3
Bg5 28. h4 Bf6 29. Re8+ Rxe8 30. Rxe8+ Kf7 31. Nd6# 1-0

[Event "Torneo Zonal  2.5 Femenino"]
[Site "Montevideo"]
[Date "2013.04.20"]
[Round "3.6"]
[White "Besso, Guadalupe"]
[Black "Avalos, Leticia"]
[Result "1-0"]
[WhiteElo "1737"]
[BlackElo "1725"]
[PlyCount "53"]
[EventDate "2013.04.??"]

1. d4 Nf6 2. c4 e6 3. Nc3 Bb4 4. f3 d5 5. a3 Bxc3+ 6. bxc3 c5 7. e3 Nc6 8. Bd3
Ne7 9. Ne2 Ng6 10. cxd5 exd5 11. O-O O-O 12. e4 c4 13. Bc2 Re8 14. e5 Nd7 15.
f4 Ndf8 16. f5 Nh8 17. Nf4 g5 18. Nh5 Nd7 19. Qf3 Nxe5 20. dxe5 Rxe5 21. Qg3
Qb6+ 22. Kh1 Re2 23. Qxg5+ Kf8 24. Qg7+ Ke7 25. Bg5+ Kd7 26. Ba4+ Kc7 27. Bf4+
1-0

[Event "Torneo Zonal  2.5 Femenino"]
[Site "Montevideo"]
[Date "2013.04.20"]
[Round "3.7"]
[White "de Leon, Veronica"]
[Black "Larrea, Daniela"]
[Result "0-1"]
[WhiteElo "1645"]
[BlackElo "1700"]
[PlyCount "152"]
[EventDate "2013.04.??"]

1. c4 f5 2. g3 e6 3. Bg2 Nf6 4. Nf3 d5 5. O-O c6 6. Qc2 Bd6 7. d4 O-O 8. b3 Qe7
9. Bf4 Nh5 10. Bxd6 Qxd6 11. e3 Nd7 12. Nbd2 b5 13. Rac1 Nhf6 14. cxd5 cxd5 15.
Qc6 Qxc6 16. Rxc6 Re8 17. Rfc1 Bb7 18. Rc7 Rab8 19. Ne5 Nxe5 20. dxe5 Ne4 21.
Nf3 b4 22. Nd4 Nc3 23. a3 a5 24. Bf1 Kf8 25. Rc5 Ra8 26. Bb5 Re7 27. Bf1 Ne4
28. Rb5 bxa3 29. Ra1 a2 30. Nxe6+ Rxe6 31. Rxb7 Rxe5 32. Rxa2 Re7 33. Rb5 Rd7
34. Bg2 g6 35. b4 a4 36. Ra5 Rb8 37. R2xa4 Nc3 38. Ra3 Nb5 39. Rd3 Nc7 40. Rd4
Ke7 41. Bf1 Ne6 42. Rh4 h5 43. b5 Rdb7 44. Rha4 Nc5 45. Ra3 Rb6 46. Rc3 Kd6 47.
Ra7 R8b7 48. Ra1 Ne4 49. Rc2 Rc7 50. Rxc7 Kxc7 51. Rc1+ Kd6 52. f3 Nd2 53. Be2
Nc4 54. Bxc4 dxc4 55. Rxc4 Rxb5 56. Rc2 g5 57. f4 gxf4 58. gxf4 Kd5 59. Kf2 Rb7
60. Kf3 h4 61. Rd2+ Ke6 62. e4 Rb3+ 63. Ke2 fxe4 64. Rd4 Kf5 65. Rd7 Kxf4 66.
Rf7+ Kg4 67. Re7 Rb4 68. Kf2 Kh3 69. Kg1 Kg4 70. Rf7 e3 71. h3+ Kg3 72. Kf1
Rf4+ 73. Rxf4 Kxf4 74. Kg2 Ke4 75. Kg1 Kd3 76. Kf1 Kd2 0-1

[Event "Torneo Zonal  2.5 Femenino"]
[Site "Montevideo"]
[Date "2013.04.20"]
[Round "3.8"]
[White "Silva, Natalia"]
[Black "de San Vicente, Sabrina"]
[Result "1-0"]
[WhiteElo "1891"]
[BlackElo "1725"]
[PlyCount "120"]
[EventDate "2013.04.??"]

1. e4 e5 2. Ne2 Nc6 3. Nbc3 Bc5 4. d3 a6 5. g3 d6 6. Bg2 h6 7. Be3 Ba7 8. Bxa7
Nxa7 9. d4 Nc6 10. d5 Nce7 11. Qd2 Bg4 12. f3 Bh5 13. g4 Bg6 14. f4 c5 15. f5
Bh7 16. h4 Qb6 17. g5 O-O-O 18. b3 Kc7 19. a3 h5 20. Na4 Qa7 21. c4 Nc8 22. Ng3
Nge7 23. Bh3 b5 24. Qa5+ Kb7 25. cxb5 axb5 26. Qxb5+ Nb6 27. Nxb6 Qxb6 28.
Qxb6+ Kxb6 29. Bf1 Ra8 30. Kd2 Rhb8 31. a4 Ka5 32. Bb5 Kb4 33. Kc2 Nc8 34. Nxh5
g6 35. Nf6 gxf5 36. Nxh7 fxe4 37. Rae1 Nb6 38. Rxe4+ Ka5 39. Bc6 Ra7 40. Nf6
Nc8 41. Nd7 Rb4 42. Nf6 Ne7 43. Rxb4 Kxb4 44. h5 Rc7 45. Rh4+ Ka5 46. Be8 Nf5
47. Rh3 Nd4+ 48. Kb2 Re7 49. h6 e4 50. Re3 Re5 51. g6 fxg6 52. Bxg6 Nf5 53.
Bxf5 Rxf5 54. h7 Rf2+ 55. Kc3 Rh2 56. Rxe4 Rh6 57. Re8 Rh3+ 58. Kc4 Rh4+ 59.
Kd3 Rh3+ 60. Ke4 Rh4+ 1-0

[Event "Torneo Zonal  2.5 Femenino"]
[Site "Montevideo"]
[Date "2013.04.21"]
[Round "4.1"]
[White "Lujan, Carolina"]
[Black "Zuriel, Marisa"]
[Result "1-0"]
[WhiteElo "2366"]
[BlackElo "2212"]
[PlyCount "101"]
[EventDate "2013.04.??"]

1. e4 e5 2. Bc4 Nf6 3. d3 c6 4. Nf3 Be7 5. Bb3 d6 6. c3 O-O 7. h3 Nbd7 8. O-O
Nc5 9. Bc2 Re8 10. Re1 Bf8 11. Nbd2 d5 12. Qe2 dxe4 13. dxe4 b6 14. Nc4 Ba6 15.
b4 Ncd7 16. Bb3 Qc7 17. a4 h6 18. Qa2 Rad8 19. Nh4 Nb8 20. Qe2 Bc8 21. Qf3 Nh7
22. Qg3 b5 23. Ne3 Kh8 24. axb5 cxb5 25. Nd5 Qb7 26. f4 Nd7 27. Qg6 Be7 28.
Nxe7 Rxe7 29. Rd1 Nhf8 30. Qd6 Rde8 31. Nf5 Re6 32. Bxe6 Nxe6 33. Qd5 Nf6 34.
Qxb7 Bxb7 35. Nd6 Rb8 36. Rxa7 Ba8 37. fxe5 Nh5 38. Nxf7+ Kh7 39. Nd6 Ng3 40.
Kf2 Nxe4+ 41. Nxe4 Bxe4 42. Rd6 Re8 43. g4 Bh1 44. Kg3 Be4 45. Bf4 Kg8 46. Raa6
Nf8 47. e6 Ng6 48. Ra7 Bc2 49. Rdd7 Rxe6 50. Rxg7+ Kf8 51. Bxh6 1-0